000 00776nam a2200265 a 4500
001 37115
003 BD-RjUL
005 20211209052559.0
008 141015s1962 nyua b 001 0 eng
035 _a(BD-RjUL)37217
040 _aDLC
_cDLC
_dDLC
_dBD-RjUL
_beng
041 _aeng
082 0 0 _a596
_bYOL 1975
100 1 _aYoung, J. Z.
_q(John Zachary),
_d1907-
_937585
245 1 4 _aThe life of vertebrates /
_cJ. Z.Young
250 _a2d ed.
260 _aNew York,
_bOxford University Press,
_c1962 [Printing 1975].
300 _a820 p.
_bill.
_c25 cm.
504 _aIncludes bibliographical reference and index.
650 0 _aVertebrates.
_9113483
650 0 _aVertebrates, Fossil.
_935526
942 _2ddc
_cBK
999 _c37115
_d37115